书目信息 |
| 题名: |
三板斧
|
|
| 作者: | 天机 著 | |
| 分册: | ||
| 出版信息: | 北京 电子工业出版社 2016 |
|
| 页数: | 12,204页 | |
| 开本: | 24cm | |
| 丛书名: | ||
| 单 册: | ||
| 中图分类: | F724.6 | |
| 科图分类: | ||
| 主题词: | 电子商务--商业企业管理--经验--中国 | |
| 电子资源: | ||
| ISBN: | 978-7-121-28137-2 | |
| 000 | 00871nam0 2200241 450 | |
| 001 | 012001004868 | |
| 005 | 20140928162350.0 | |
| 010 | @a978-7-121-28137-2@dCNY59.00 | |
| 100 | @a20160511d2016 em y0chiy50 ea | |
| 101 | 0 | @achi |
| 102 | @aCN@b110000 | |
| 105 | @aa z 000yy | |
| 106 | @ar | |
| 200 | 1 | @a三板斧@9san ban fu@b专著@e阿里巴巴管理之道@f天机著 |
| 210 | @a北京@c电子工业出版社@d2016 | |
| 215 | @a12,204页@c图,照片@d24cm | |
| 330 | @a本书是一部探讨与总结阿里巴巴内部实战管理的书籍,讲述的是阿里巴巴自从创业初期就一直坚持的管理原则与方法,而且到目前为止依然在坚持的策略,相信也是指导未来阿里巴巴进一步发展的核心力量。 | |
| 517 | 1 | @a阿里巴巴管理之道@9a li ba ba guan li zhi dao |
| 606 | 0 | @a电子商务@x商业企业管理@x经验@y中国 |
| 690 | @aF724.6@v5 | |
| 701 | 0 | @a天机@9tian ji@4著 |
| 801 | 0 | @aCN@b上海新华@c20180901 |
| 905 | @b1171715-9@dF724.6@e113@f5 | |
| 三板斧:阿里巴巴管理之道/天机著.-北京:电子工业出版社,2016 |
| 12,204页:图,照片;24cm |
| ISBN 978-7-121-28137-2:CNY59.00 |
| 本书是一部探讨与总结阿里巴巴内部实战管理的书籍,讲述的是阿里巴巴自从创业初期就一直坚持的管理原则与方法,而且到目前为止依然在坚持的策略,相信也是指导未来阿里巴巴进一步发展的核心力量。 |
| ● |
| 相关链接 |
|
|
|
|
正题名:三板斧
索取号:F724.6/113
 
预约/预借
| 序号 | 登录号 | 条形码 | 馆藏地/架位号 | 状态 | 备注 |
| 1 | 1171715 | 211717150 | 第一样本阅览室/ [索取号:F724.6/113] | 在馆 | |
| 2 | 1171716 | 211717169 | 第一借阅区/ [索取号:F724.6/113] | 在馆 | |
| 3 | 1171717 | 211717178 | 第一借阅区/ [索取号:F724.6/113] | 在馆 | |
| 4 | 1171718 | 211717187 | 密集书库-海洋学院/ [索取号:F724.6/113] | 在馆 | |
| 5 | 1171719 | 211717196 | 第一借阅区/ [索取号:F724.6/113] | 在馆 |